女満別駅から出ている行き先 - Statistics

General Stats
  • This quiz has been taken 176 times
  • The average score is 7 of 8
Answer Stats
函館本線 % Correct
旭川
99%
網走
99%
札幌
95%
北見
95%
遠軽
87%
知床斜里
73%
留辺蘂
71%
西留辺蘂
59%
No matching quizzes found
Score Distribution
Percent of People with Each Score
Percentile by Number Answered
Your Score History
You have not taken this quiz